000 00331 a2200133 4500
001 33070
082 _a670.4221 SWI
090 _c22200
_d22200
100 _aSwift, K.G
245 _aProcess Selection:From Design to Manufacture, 2/e
250 _a2
260 _aLondon
_bButterworth/Heinemann
_c2003
300 _axvi, 316 p
942 _aNUST-CAE
_k670.4221 SWI
999 _c268143
_d268143